000 00799nam a2200229 a 4500
999 _c11148
_d11148
001 11148
003 BD-JhCC
005 20190921081928.0
008 190603b20092016bg a|||| ||a| 001 0 ben d
020 _a9844587011400709
035 _a(BD-JhCC)1148
040 _aBD-JhCC
_dBD-JhCC
041 _aben
082 _bKIS 2016
_a954.92053
245 _aকিশোর মুক্তিযুদ্ধ কোষ /
_cসম্পাদিত: মুনতাসীর মামুন
260 _aঢাকা:
_bসময় প্রকাশ;
_c২০১৬.
300 _a৪৯৫ পৃঃ . :
_bill;
_c২৬ সেমি.
650 _aLiberarion War
_vJuvenile
_xEncylopedia
_y1971
_zBangladesh
700 _aমামুন, মুনতাসীর
942 _2ddc
_cBK